Statistics for Who Do You Think You Are? Celebrities

Click here to take the quiz!

General Stats

  • This quiz has been taken 17 times
  • The average score is 61 of 173

Answer Stats

Celebrity% Correct
Annie Lennox
88%
Boy George
88%
J.K. Rowling
81%
Rupert Penry-Jones
81%
Alexander Armstrong
75%
Griff Rhys Jones
75%
Ruth Jones
75%
Sheridan Smith
75%
Stephen Fry
75%
Andrew Lloyd Webber
69%
Boris Johnson
69%
David Tennant
69%
Robin Gibb
69%
David Walliams
63%
Jeremy Clarkson
63%
Julie Walters
63%
Kate Winslet
63%
Lee Mack
63%
Monty Don
63%
Patrick Stewart
63%
Bruce Forsyth
56%
Gary Lineker
56%
Greg Davies
56%
Ian Hislop
56%
John Hurt
56%
Mary Berry
56%
Robert Rinder
56%
Sue Johnston
56%
Warwick Davis
56%
Alan Carr
50%
Amanda Holden
50%
Carol Vorderman
50%
Craig Revel Horwood
50%
Daniel Radcliffe
50%
David Suchet
50%
Davina McCall
50%
Gregg Wallace
50%
Jason Donovan
50%
Jeremy Paxman
50%
Len Goodman
50%
Liz Carr
50%
Mark Wright
50%
Martin Freeman
50%
Matt Lucas
50%
Paul Hollywood
50%
Paul Merton
50%
Richard Osman
50%
Ricky Tomlinson
50%
Anna Maxwell Martin
44%
Colin Jackson
44%
Danny Dyer
44%
David Dickinson
44%
Esther Rantzen
44%
Hugh Dennis
44%
Jeremy Irons
44%
Jodie Whittaker
44%
June Brown
44%
Larry Lamb
44%
Lisa Hammond
44%
Michelle Keegan
44%
Nicky Campbell
44%
Ralf Little
44%
Una Stubbs
44%
Chris Ramsey
38%
David Mitchell
38%
Ed Balls
38%
Graham Norton
38%
Ian McKellan
38%
Jerry Springer
38%
Joe Sugg
38%
Judi Dench
38%
Katherine Ryan
38%
Kim Cattrall
38%
Marvin Humes
38%
Matthew Pinsent
38%
Patsy Kensit
38%
Sue Perkins
38%
Adil Ray
31%
Ainsley Harriott
31%
Bear Grylls
31%
Billy Connolly
31%
Celia Imrie
31%
Emma Willis
31%
Gareth Malone
31%
Jodie Kidd
31%
Joe Lycett
31%
Jonnie Peacock
31%
Josh Widdicombe
31%
Julia Sawalha
31%
Kate Humble
31%
Laurence Llewelyn-Bowen
31%
Martin Shaw
31%
Naomie Harris
31%
Nick Hewer
31%
Olivia Colman
31%
Rupert Everett
31%
Alex Scott
25%
Amanda Redman
25%
Barbara Windsor
25%
Bill Oddie
25%
Brendan O'Carroll
25%
Charles Dance
25%
Cheryl
25%
Chris van Tulleken
25%
Claire Foy
25%
Emily Atack
25%
Jack Whitehall
25%
Jane Seymour
25%
Jerry Hall
25%
John Barnes
25%
Lesley Garrett
25%
Lesley Manville
25%
Lulu
25%
Mark Gatiss
25%
Michael Whitehall
25%
Minnie Driver
25%
Nigella Lawson
25%
Noel Clarke
25%
Richard Madeley
25%
Rick Stein
25%
Rory Bremner
25%
Ruby Wax
25%
Sebastian Coe
25%
Sharon Osbourne
25%
Shirley Ballas
25%
Tracey Emin
25%
Vic Reeves
25%
Xand van Tulleken
25%
Alan Cumming
19%
Alistair McGowan
19%
Brian Blessed
19%
David Baddiel
19%
Emilia Fox
19%
Fearne Cotton
19%
Fiona Bruce
19%
Frances de la Tour
19%
Hugh Quarshie
19%
Jane Horrocks
19%
John Bishop
19%
John Simpson
19%
Julian Clary
19%
Kevin Whately
19%
Pixie Lott
19%
Robert Lindsay
19%
Sophie Raworth
19%
Sunetra Sarker
19%
Twiggy
19%
Zoë Wanamaker
19%
Alex Kingston
13%
Anne Reid
13%
Clare Balding
13%
Derek Jacobi
13%
Dev Griffin
13%
Frank Gardner
13%
Kevin Clifton
13%
Lesley Sharp
13%
Liz Bonnin
13%
Marianne Faithfull
13%
Meera Syal
13%
Natasha Kaplinsky
13%
Nigel Havers
13%
Reggie Yates
13%
Samantha Womack
13%
Sheila Hancock
13%
Tamzin Outhwaite
13%
Anita Rani
6%
Chris Moyles
6%
Dervla Kirwan
6%
Gurinder Chadha
6%
Moira Stuart
6%
Nitin Ganatra
6%
Sarah Millican
6%
William Roache
6%

Score Distribution

Percentile by Number Answered

Percent of People with Each Score

Your Score History

You have not taken this quiz